| 000 | 00451nam a2200181 a 4500 | ||
|---|---|---|---|
| 001 | 7475 | ||
| 003 | CO-ViMGA | ||
| 008 | 141112s2004 ck r 000 u spa d | ||
| 040 |
_aCO-ViMGA _bspa _cCO-ViMGA |
||
| 082 | 0 | 4 | _a745.5992 P743 |
| 100 | 1 |
_aPriester, Erich _96762 |
|
| 245 | 1 | 0 | _aGuiƱol |
| 260 |
_aParis : _bBouret, _c1975 |
||
| 300 | _a29 p : il | ||
| 490 | _aArte manual y fantasia | ||
| 650 | 1 | 4 |
_aTITERES ELABORACION _952433 |
| 942 |
_2ddc _cBK |
||
| 999 |
_c19422 _d19422 |
||